书目信息 |
| 题名: |
海洋之谜
|
|
| 作者: | 魏世杰 著 | |
| 分册: | ||
| 出版信息: | 青岛 青岛出版社 1999.09 |
|
| 页数: | 173页 | |
| 开本: | 24开 | |
| 丛书名: | ||
| 单 册: | ||
| 中图分类: | P2-49 | |
| 科图分类: | ||
| 主题词: | 测绘学 , 测量学 | |
| 电子资源: | ||
| ISBN: | 7-5436-1851-6 | |
| 000 | 00538nam0 2200205 45 | |
| 001 | 0010101787 | |
| 005 | 20001010172425.7 | |
| 010 | @a7-5436-1851-6@d16.00元 | |
| 100 | @a20001010d1999 km y0chiy0120 ea | |
| 101 | 0 | @achi |
| 105 | @a z 000yy | |
| 200 | 1 | @a海洋之谜@AHai Yang Zhi Mi@f魏世杰著@FWei Shi Jie Zhu |
| 210 | @a青岛@c青岛出版社@d1999.09 | |
| 215 | @a173页@d24开 | |
| 606 | 0 | @a测绘学 |
| 606 | 0 | @a测量学 |
| 690 | @aP2-49@v3 | |
| 701 | 0 | @a魏世杰@4著 |
| 801 | @aCN@bPftUser@c20001010 | |
| 905 | @b174392-393@dP2-49@eW357@f2 | |
| 海洋之谜/魏世杰著.-青岛:青岛出版社,1999.09 |
| 173页;24开 |
| ISBN 7-5436-1851-6:16.00元 |
| ● |
| 相关链接 |
|
|
|
正题名:海洋之谜
索取号:P2-49/W357
 
预约/预借
| 序号 | 登录号 | 条形码 | 馆藏地/架位号 | 状态 | 备注 |
| 1 | 174392 | 201743925 | 自科库401/ [索取号:P2-49/W357] | 在馆 | |
| 2 | 174393 | 201743934 | 自科二线504/504自科库 43排3列6层/ [索取号:P2-49/W357] | 在馆 |